Search the Library Catalogue
| 000 -LEADER | |
|---|---|
| fixed length control field | 00919nam a2200277Ia 4500 |
| 008 - FIXED-LENGTH DATA ELEMENTS--GENERAL INFORMATION | |
| fixed length control field | 191130s2006##################000#0#eng## |
| 020 ## - INTERNATIONAL STANDARD BOOK NUMBER | |
| ISBN | 521846382 |
| 082 ## - DEWEY DECIMAL CLASSIFICATION NUMBER | |
| Classification number | 579.3 DEM |
| 245 ## - TITLE STATEMENT | |
| Title | Bacterial cell-to-cell communication : role in virulence and pathogenesis |
| Statement of responsibility, etc | edited by Donald R. Demuth and Richard J. Lamont |
| 260 ## - PUBLICATION, DISTRIBUTION, ETC. (IMPRINT) | |
| Place of publication | Cambridge |
| Name of publisher | Cambridge University Press |
| Year of publication | 2006 |
| 300 ## - PHYSICAL DESCRIPTION | |
| Number of Pages | xv, 313 p., [6] p. of plates : ill. (some col.) ; 24 cm |
| 500 ## - GENERAL NOTE | |
| General note | Includes bibliographical references and index |
| 650 ## - SUBJECT ADDED ENTRY--TOPICAL TERM | |
| Topical Term | Bacteria - pathogenicity |
| Topical Term | Bacteria - physiology |
| Topical Term | Bacterial Physiology |
| Topical Term | Biofilms |
| Topical Term | Cell Communication |
| Topical Term | Cell interaction |
| 700 ## - ADDED ENTRY--PERSONAL NAME | |
| Personal name | Demuth, Donald R |
| Personal name | Lamont, Richard J |
| 991 ## - | |
| -- | 234900 |
| Withdrawn status | Lost status | Damaged status | Not for loan | Home library | Current library | Shelving location | Date acquired | Full call number | Accession Number | Price effective from | Koha item type |
|---|---|---|---|---|---|---|---|---|---|---|---|
| Anna Centenary Library | Anna Centenary Library | 5TH FLOOR, A WING | 17.10.2020 | 579.3 DEM | 247308 | 17.10.2020 | English Books |